Statistics for Breaking Bad Trivia #T

Click here to take the quiz!

General Stats

  • This quiz has been taken 56 times
  • The average score is 9 of 15

Answer Stats

HintAnswer% Correct
Major psychic drugdealer in the showTuco Salamanca
95%
Skylers affairTed
88%
"Tortuga" in englishTurtle / Tortoise
88%
Helps Walt and Jesse with a train heistTodd
83%
What he calls his uncleTio
78%
Alcoholic drink, originally from MexicoTequila
73%
Marie steals this for Skylers babyshowerTiara
73%
Drew Sharp had this petTarantula
59%
Gus' henchmanTyrus
59%
Andreas brotherTomas
54%
His most famous line in the showTight! Tight! Tight!
41%
Where this uncle is later living: Casa __Casa Tranquila
37%
Walt uses this to break open a lockThermite
34%
Krazy-8's father owns this furniture placeTampico Furniture
29%
Indian reservationTo'hajiilee
27%

Score Distribution

Percentile by Number Answered

Percent of People with Each Score

Your Score History

You have not taken this quiz